MARC

LEADER 00000nam0a2200000 4500
001 59478
005 20231031060311.0
010 |a 5893495314 
010 |a 5-02-006325-8 
035 |a (RuTPU)RU\TPU\book\62871 
090 |a 59478 
100 |a 20031229d2003 m y0rusy50 ca 
101 0 |a rus 
102 |a RU 
105 |a a z 001ab 
200 1 |a Жизнь и смерть Александра Грибоедова  |f Ю. Е. Хечинов 
210 |a Москва  |c Флинта  |c Наука  |d 2003 
215 |a 328 с.  |c ил. 
320 |a Библиогр.: с. 326-327 
600 1 |a Грибоедов  |g Александр Сергеевич  |b А. С.  |f 1791-1829  |c русский писатель и дипломат  |2 stltpui  |3 (RuTPU)RU\TPU\pers\244 
610 1 |a литературоведение 
610 1 |a русская литература 
610 1 |a 19 век 
610 1 |a история 
675 |a 8Р1(092)Грибоедов  |v 3 
700 1 |a Хечинов  |b Ю. Е.  |g Юрий Евгеньевич 
801 1 |a RU  |b 63413507  |c 20031229  |g PSBO 
801 2 |a RU  |b 63413507  |c 20040126  |g PSBO 
942 |c BK